| 000 | 02436nam2a2200409 4500 | ||
|---|---|---|---|
| 001 | RU\NLR\bibl\90678 | ||
| 005 | 20250617075357.0 | ||
| 010 |
_a5-93057-014-0 _9500 |
||
| 021 |
_aRU _b2000-5302 _9269 |
||
| 035 | _a(NLR Aleph) 000088613 | ||
| 090 |
_a496298 _c496298 |
||
| 100 | _a20000607d1999 |||y0rusy50 ca | ||
| 101 | 0 | _arus | |
| 102 | _aRU | ||
| 105 | _aa ||||||||| | ||
| 200 | 1 | _aМеханика, молекулярная физика, термодинамика, агрегатные состояния вещества | |
| 210 |
_d1999 _aБ. м. |
||
| 215 |
_a179, [1] с. _cил. |
||
| 320 | _aБиблиогр. в конце кн. (9 назв.) | ||
| 461 | 0 |
_1001RU\NLR\bibl\92368 _12001#$aКурс лекций по общей физике$vЧ. 1 _9506200 _cТомск _d1999 _f[А.С. Тайлашев, Л.А. Теплякова, Н.М. Кормин, Н.А. Конева] _nИзд-во ТГАСУ _tКурс лекций по общей физике _y5-93057-015-9 _vЧ. 1 |
|
| 606 | 0 |
_aМеханика _jРуководства, пособия и т.п. для высшей школы _91564071 _3RU\NLR\auth\66684576 |
|
| 606 | 0 |
_aМеханика _jУчебные издания для высшей школы _91564071 _3RU\NLR\auth\66684576 |
|
| 606 | 0 |
_aМолекулярная физика _jРуководства, пособия и т.п. для высшей школы _9914526 _3RU\NLR\auth\6614992 |
|
| 606 | 0 |
_aМолекулярная физика _jУчебные издания для высшей школы _9914526 _3RU\NLR\auth\6614992 |
|
| 606 | 0 |
_aТермодинамика _jРуководства, пособия и т.п. для высшей школы _9913925 _3RU\NLR\auth\6614666 |
|
| 606 | 0 |
_aТермодинамика _jУчебные издания для высшей школы _9913925 _3RU\NLR\auth\6614666 |
|
| 606 | 0 |
_aАгрегатное состояние вещества _jРуководства, пособия и т.п. для высшей школы _9914522 _3RU\NLR\auth\6614990 |
|
| 606 | 0 |
_aАгрегатное состояние вещества _jУчебные издания для высшей школы _9914522 _3RU\NLR\auth\6614990 |
|
| 686 | _aВ2я73-2 | ||
| 686 | _aВ36я73-2 | ||
| 686 | _aВ317.1я73-2 | ||
| 801 | 0 |
_aRU _bNLR _c20000607 _gPSBO |
|
| 801 | 1 |
_aRU _bNLR _c20000607 |
|
| 852 |
_aNLR _j2000-3/4315 |
||
| 942 | _cBOOK | ||
| 980 | _aNB | ||